| 000 | 01014cam a2200349 4500 | ||
|---|---|---|---|
| 001 | E1944 | ||
| 008 | 090401t1987 xxu||||| |||| 00| 0 eng d | ||
| 035 | _a(Sirsi) u36510 | ||
| 041 | _aeng | ||
| 050 | _a692.8 | ||
| 090 | _aJCT 1987/25A | ||
| 110 |
_aJoint Contracts Tribunal _93664 |
||
| 245 | _aSub-Contract/Works Contract formula rules dated December 1987 | ||
| 260 |
_aLondon _bBEC _c1987 |
||
| 300 | _ai, 22p. ; 30cm. | ||
| 350 | _a7 | ||
| 650 | _aBUILT ENVIRONMENT-BUILDING CONTRACT FORMS | ||
| 650 | _aDOM/1 | ||
| 650 | _aDOM/2 | ||
| 650 | _aFORMULA RULES | ||
| 650 | _aIN/SC | ||
| 650 | _aJCT STANDARD FORMS OF NOMUNATED SUB-CONTRACT 1980 | ||
| 650 | _aJCT | ||
| 650 | _aNAM/SC | ||
| 650 | _aJCT STANDARD FORM OF NOMINATED SUB-CONTRACT (1980 EDITION) | ||
| 650 | _aNSC/4A 1980 | ||
| 650 | _aSUBCONTRACTS | ||
| 650 | _aBUILT ENVIRONMENT-BUILDING CONTRACT FORMS-WORKS CONTRACT FORMS | ||
| 690 | _aBUILT ENVIRONMENT-BUILDING CONTRACT FORMS | ||
| 942 | _n0 | ||
| 948 | _c04/03/1997 | ||
| 999 |
_c90308 _d90308 |
||